书目信息 |
| 题名: |
起源
|
|
| 作者: | 斯通 著 ;孙强 , 孙笃庄 译 | |
| 分册: | 第一部 新水手 | |
| 出版信息: | 北京 三联书店 1985 |
|
| 页数: | 521页 | |
| 开本: | 19cm | |
| 丛书名: | ||
| 单 册: | ||
| 中图分类: | I712.45 , K835.616.1 | |
| 科图分类: | ||
| 主题词: | 传记小说--美国--现代 , 传记小说 | |
| 电子资源: | ||
| ISBN: | ||
| 000 | 01054nam0 2200337 450 | |
| 001 | 1563115113 | |
| 005 | 20150118173228.81 | |
| 010 | @dCNY2.80 | |
| 091 | @a10002.71 | |
| 100 | @a19901008d1985 emky0chiy0110 ea | |
| 101 | 1 | @achi@ceng |
| 102 | @aCN@b110000 | |
| 105 | @ab z 000yb | |
| 200 | 1 | @a起源@9qi yuan@e达尔文生平传记小说@h第一部@i新水手@f(美)斯通著@g孙强, 孙笃庄译 |
| 210 | @a北京@c三联书店@d1985 | |
| 215 | @a521页@d19cm | |
| 300 | @a书名原文: The criogin: a biographical novel of Charles Darwin | |
| 300 | @a根据美国道布尔代出版公司1980年版本翻译 | |
| 510 | 1 | @aThe criogin@zeng |
| 600 | 1 | @a达尔文@c(Darwin, Charles@f1809~1882)@x生平事迹 |
| 600 | 1 | @2CT@3S010727@a达尔文@c(Darwin, Charles@f1809~1882) |
| 606 | 0 | @a传记小说@y美国@z现代 |
| 606 | 0 | @a传记小说 |
| 610 | 0 | @a生物学家@a英国 |
| 690 | @aI712.45@v5 | |
| 690 | @aK835.616.1@v5 | |
| 701 | 1 | @a斯通@9si tong@4著 |
| 702 | 0 | @a孙强@9sun qiang@4译 |
| 702 | 0 | @a孙笃庄@9sun du zhuang@4译 |
| 801 | 0 | @aCN@bTSSF@c20150118 |
| 905 | @aZUCC@dI712.45@eJY18:1 | |
| 起源:达尔文生平传记小说.第一部.新水手/(美)斯通著/孙强, 孙笃庄译.-北京:三联书店,1985 |
| 521页;19cm |
| 书名原文: The criogin: a biographical novel of Charles Darwin.-根据美国道布尔代出版公司1980年版本翻译 |
| ISBN :CNY2.80 |
| ● |
| 相关链接 |
|
|
|
|
正题名:起源
索取号:I712.45/JY18:1
 
预约/预借
| 序号 | 登录号 | 条形码 | 馆藏地/架位号 | 状态 | 备注 |
| 1 | 7847443 | 278474438 | 学院路分馆/ [索取号:I712.45/JY18:1] | 在馆 | |
| 2 | 7847444 | 278474447 | 学院路分馆/ [索取号:I712.45/JY18:1] | 在馆 |